Prayer in the trenches prayer books for doldiers on the Hungarian fronts in the First World War /

The study analyses prayer books for Catholic soldiers published in Hungary during the First World War. We know of close to twenty such books that appeared in numerous editions. Prayer sheets and hand-copied prayer texts with magical functions (prayers against bullets) have also been found. Drawing o...

Teljes leírás

Elmentve itt :
Bibliográfiai részletek
Szerző: Frauhammer Krisztina
Dokumentumtípus: Cikk
Megjelent: 2017
Sorozat:Religion, culture, society 4
Kulcsszavak:Katolikus egyház - imakönyvek - katonák számára - 1. Világháború
Tárgyszavak:
Online Access:http://acta.bibl.u-szeged.hu/67004
LEADER 01636nab a2200217 i 4500
001 acta67004
005 20230509135058.0
008 200512s2017 hu o 0|| eng d
022 |a 1416-7972 
040 |a SZTE Egyetemi Kiadványok Repozitórium  |b hun 
041 |a eng 
100 1 |a Frauhammer Krisztina 
245 1 0 |a Prayer in the trenches   |h [elektronikus dokumentum] :  |b prayer books for doldiers on the Hungarian fronts in the First World War /  |c  Frauhammer Krisztina 
260 |c 2017 
300 |a 88-104 
490 0 |a Religion, culture, society  |v 4 
520 3 |a The study analyses prayer books for Catholic soldiers published in Hungary during the First World War. We know of close to twenty such books that appeared in numerous editions. Prayer sheets and hand-copied prayer texts with magical functions (prayers against bullets) have also been found. Drawing on these and contemporary press materials it reconstructs religious life on the fronts and in particular the practice and function of prayer. The study also examines veneration of the Sacred Heart that played a big part in wartime pastoral activity, seeking an answer to the question of how that cult was able to become a source of spiritual strength for soldiers. In addition it looks at the opinion of the church on war and the Christian soldier as reflected in the books and prayers. 
650 4 |a Bölcsészettudományok 
650 4 |a Filozófia, etika és vallástudományok 
695 |a Katolikus egyház - imakönyvek - katonák számára - 1. Világháború 
856 4 0 |u http://acta.bibl.u-szeged.hu/67004/1/religion_culture_society_004_088-104.pdf  |z Dokumentum-elérés